000 00392nam a22001457a 4500
005 20240314153202.0
008 240314b ||||| |||| 00| 0 eng d
040 _cAL
041 _aeng
082 _223
_a658.15
_bWORK
245 _aWorking Capital Finance Provided by Canara Bank
260 _aMangalore
_bSt Aloysius College
_c2001
700 _aMAROLI (Nitin)
_9154399
942 _2ddc
_cPRO
999 _c230355
_d230355